000 00364nam a2200157Ia 4500
100 _aTasic/Aleksandar
650 _aWireless communciations
942 _cBK
366 _f25
245 _aAdaptive Low power circuits for wireless communications
260 _bSpringer
_c2006
082 _a384.5
_bTAS
300 _a221
546 _aENGLISH
_cTTL
999 _c22617
_d22617